Szczegóły MARC21

Dialekty polskie /

003 -Nazwa inst., której nr kontr. jest w polu 001 [,]
    • @
    • Nazwa instytucji, której n kontrolny jest w polu 001
    • NUKAT
005 -DATA I CZAS OSTATNIEJ MODYFIKACJI [,]
    • @
    • pole kontrolne
    • 20241231092933.0
040 -Instytucja sporządzająca opis [ , ]
    • a
    • Instytucja, która sporządziła opis (NP)
    • KR U/66GK
    • c
    • Instytucja, która sporządziła rekord (NP)
    • KR U/66GK
    • d
    • Instytucja, która zmodyfikowała rekord (P)
    • KR U/66GK
942 -Rodzaj dokumentu [ , ]
    • c
    • Rodzaj dokumentu
    • Książka
100 -Hasło główne - nazwa osobowa [1, ]
    • a
    • Nazwa osobowa (NP)
    • Dejna, Karol
    • d
    • Daty biograficzne (NP)
    • (1911-2004).
    • 9
    • KHW
    • 16172
245 -Strefa tytułu i oznaczenia odpowiedzialności [1,0]
    • a
    • Tytuł
    • Dialekty polskie / Find
    • c
    • Pozostałe elementy strefy tytułu i oznaczenia odpowiedzialności (NP)
    • Karol Dejna.
260 -Strefa adresu wydawniczego [ , ]
    • a
    • Miejsce wydania (P)
    • Wrocław :
    • b
    • Nazwa wydawcy (P)
    • Zakład Narodowy im. Ossolińskich,
    • c
    • Data wydania (P)
    • 1973.
300 -Strefa opisu fizycznego [ , ]
    • a
    • Określenie formy książki i/lub objętość (NP)
    • 283, [71] s. :
    • b
    • Oznaczenie ilustracji (NP)
    • mapy ;
    • c
    • Format (NP)
    • 24 cm.
336 -Typ zawartości [ , ]
    • a
    • Termin opisujący typ zawartości
    • Tekst
    • b
    • Kod określający zawartość
    • txt
    • 2
    • Źródło (terminu i kodu)
    • rdacontent
337 -Typ mediów [ , ]
    • a
    • Tryb odtwarzania
    • Bez urządzenia pośredniczącego
    • b
    • Kod typu mediów
    • n
    • 2
    • Źródło (terminu i kodu)
    • rdamedia
338 -Typ/rodzaj nośnika [ , ]
    • a
    • Hasło opisujące typ nośnika
    • Wolumin
    • b
    • Kod typu nośnika
    • nc
    • 2
    • Źródło (terminu i kodu)
    • rdacarrier
080 -Uniwersalna Klasyfikacja Dziesiętna [ , ]
    • 2
    • Identyfikator wydania tablic
    • UDC-P058
    • a
    • Symbol klasyfikacji
    • 811.162.1’282
    • b
    • Dopowiedzenie
    • Język polski. - Gwary, dialekty.
    • x
    • Poddział wspólny
    • (075.8)
    • b
    • Dopowiedzenie
    • (Podręczniki dla szkół wyższych. Skrypty).
650 -Hasło przedmiotowe [ ,7]
    • a
    • Hasło przedmiotowe
    • Język polski
    • x
    • Określnik rzeczowy
    • dialektologia
    • v
    • Określnik formalny
    • podręczniki akademickie.
    • 2
    • Źródło terminu
    • kaba
    • 9
    • KHW
    • 368429
980 -Symbol UKD [ , ]
    • a
    • UKD
    • 811.162.1’282(075.8)
Sygnatura Status udost. Numer inwentarzowy Data inwentaryzacji Lokalizacja Uwagi nie widoczne w OPAC
 -5W.19899 BGretrokonwersja
 -5W.19895 BGretrokonwersja
 -5W.19898 BGretrokonwersja
 2W.19900 BGretrokonwersja
 2W.19901 BGretrokonwersja
 -5W.19902 BGretrokonwersja
 -5W.19903 BGretrokonwersja
 -5W.19904 BGretrokonwersja
 -5W.19905 BGretrokonwersja
 2W.19906 BGretrokonwersja
 -5W.19907 BGretrokonwersja
 -5W.19908 BGretrokonwersja
 2W.19909 BGretrokonwersja
 2W.19910 BGretrokonwersja
 2W.19911 BGretrokonwersja
 2W.19912 BGretrokonwersja
 2W.19914 BGretrokonwersja
 -3W.19913 BGretrokonwersja
 2W.19897 BGretrokonwersja
 2W.19896 BGretrokonwersja
 -3W.94713 BG 
egz.arch.1Z.9401 BGretrokonwersja
POL. Dialektologia 011P.591 BMretrokonwersja